Mua nả mo của người Pú Nả ở Lai Châu
Tổng quan về mua nả - mo của người Pú Nả ở Lai Châu cùng một số bài mo lên cung tìm hồn, đi tìm hồn ở dưới nước và nhập hồn lên chóp đầu
Sparad:
| Huvudupphovsman: | |
|---|---|
| Materialtyp: | Bok |
| Språk: | Vietnamese |
| Publicerad: |
H.
Văn hóa dân tộc
2016
|
| Ämnen: | |
| Taggar: |
Lägg till en tagg
Inga taggar, Lägg till första taggen!
|
| Thư viện lưu trữ: | Mạng thư viện Đại học Đà Nẵng |
|---|
| LEADER | 01350nam a2200337 4500 | ||
|---|---|---|---|
| 001 | 000025090 | ||
| 003 | 21581 | ||
| 005 | 20170508110541.0 | ||
| 008 | 170504s2016 viesd | ||
| 041 | 0 | |a vie | |
| 082 | 1 | 4 | |a 398.4109597173 |b LO-C |
| 100 | 1 | |a Lò Văn Chiến | |
| 245 | 1 | 0 | |a Mua nả mo của người Pú Nả ở Lai Châu |c Lò Văn Chiến |
| 260 | |a H. |b Văn hóa dân tộc |c 2016 | ||
| 300 | |a 602 tr. |c 21 cm. | ||
| 500 | |a ĐTTS ghi: Hội Văn nghệ dân gian Việt Nam | ||
| 520 | 3 | |a Tổng quan về mua nả - mo của người Pú Nả ở Lai Châu cùng một số bài mo lên cung tìm hồn, đi tìm hồn ở dưới nước và nhập hồn lên chóp đầu | |
| 650 | 0 | 4 | |a Tang lễ |x Tín ngưỡng dân gian |x Người Pú Nả |z Việt Nam |
| 653 | |a Nghi lễ cổ truyền | ||
| 653 | |a Tang lễ | ||
| 653 | |a Dân tộc Pú Nả | ||
| OWN | |a LSP | ||
| AVA | |a UDN50 |b LSP |d 398.4109597173 LO-C |e available |t Error 5001 Not defined in file expand_doc_bib_avail. |f 1 |g 0 |h N |i 0 |k 1 | ||
| 999 | |a From the UDN01 | ||
| AVA | |a UDN50 |b LSP |d 398.4109597173 LO-C |e available |t Error 5001 Not defined in file expand_doc_bib_avail. |f 1 |g 0 |h N |i 0 |k 1 | ||
| TYP | |a Monograph | ||
| TYP | |a Printed language | ||
| 980 | |a Mạng thư viện Đại học Đà Nẵng | ||